000 00877pam a2200313 i 4500
999 _c1059
_d1059
001 016760505
003 Uk
005 20200624115905.0
008 140625s2014 enk j 000 f eng|d
015 _aGBB464723
_2bnb
016 7 _a016760505
_2Uk
020 _a9780007597307 (paperback) :
020 _a9780008113490
_cBox set of 4
040 _aStDuBDS
_beng
_cStDuBDS
_dUk
_erda
042 _aukblcatcopy
082 0 4 _aFIC LOW
_223
100 1 _aLowry, Lois,
_eauthor.
245 1 0 _aSon /
_cLois Lowry.
264 1 _aLondon :
_bHarperCollins Children's Books,
_c2014.
300 _a393 pages ;
_c20 cm.
336 _atext
_2rdacontent
337 _aunmediated
_2rdamedia
338 _avolume
_2rdacarrier
440 _aThe giver quartet ;
_nBook 4.
500 _aFormerly CIP.
_5Uk
655 0 _aScience fiction.
655 0 _aYoung adult fiction.
942 _2ddc
_cFIC